000 00297nam a2200121Ia 4500
005 20260326235458.0
008 260326s9999||||xx |||||||||||||| ||und||
100 _aDavaras, Costis
245 4 _aThe Palace of Knossos /
_cCostis Davaras
260 _bHannibal
650 _aARQUITECTURA
942 _cBK
999 _c8004
_d8004